Ejercicios de algebra superior (Registro nro. 3911)

Detalles MARC
000 -LEADER
fixed length control field 00661 a2200205 4500
001 - CONTROL NUMBER
control field 45128
005 - DATE AND TIME OF LATEST TRANSACTION
control field 20260407155726.0
008 - FIXED-LENGTH DATA ELEMENTS--GENERAL INFORMATION
fixed length control field 260407a1949 arg spa d
003 - CONTROL NUMBER IDENTIFIER
control field AR-UNSa-BCEJYS
040 ## - CATALOGING SOURCE
Original cataloging agency AR-UNSa-BCEJYS
Language of cataloging spa
Transcribing agency AR-UNSa-BCEJYS
080 ## - UNIVERSAL DECIMAL CLASSIFICATION NUMBER
Universal Decimal Classification number 512
Common auxiliary subdivision Algebra
100 1# - MAIN ENTRY--PERSONAL NAME
Personal name Hall, H.S.
245 10 - TITLE STATEMENT
Title Ejercicios de algebra superior
Name of part/section of a work soluciones de los ejercicios propuestos en la obra algebra superior
264 #1 - PRODUCTION, PUBLICATION, DISTRIBUTION, MANUFACTURE, AND COPYRIGHT NOTICE
Place of production, publication, distribution, manufacture México :
Name of producer, publisher, distributor, manufacturer Unión Tipográfica Editorial Hispano-Americana (UTEHA)
Date of production, publication, distribution, manufacture, or copyright notice 1949
300 ## - PHYSICAL DESCRIPTION
Extent vii, 502 p.
Dimensions 19 cm.
590 ## - LOCAL NOTE (RLIN)
Local note niveau_biblio:m niveau_hierar:0
700 1# - ADDED ENTRY--PERSONAL NAME
Personal name Knight, S.R.
700 1# - ADDED ENTRY--PERSONAL NAME
Personal name Garcia Diaz, Rafael
942 ## - ADDED ENTRY ELEMENTS (KOHA)
Koha item type
Existencias
Withdrawn status Lost status Damaged status Not for loan Home library Current library Shelving location Date acquired Total checkouts Full call number Barcode Date last seen Price effective from Koha item type
        Biblioteca Prof. Eusebio Cleto del Rey Biblioteca Prof. Eusebio Cleto del Rey   07/04/2026   512 H174e L20598 07/04/2026 07/04/2026 Libro
        Biblioteca Prof. Eusebio Cleto del Rey Biblioteca Prof. Eusebio Cleto del Rey   07/04/2026   512 H174e L21065 07/04/2026 07/04/2026 Libro
        Biblioteca Prof. Eusebio Cleto del Rey Biblioteca Prof. Eusebio Cleto del Rey   07/04/2026   512 H174e L21179 07/04/2026 07/04/2026 Libro
        Biblioteca Prof. Eusebio Cleto del Rey Biblioteca Prof. Eusebio Cleto del Rey   07/04/2026   512 H174e L20597 07/04/2026 07/04/2026 Libro